00788nam a2200217Ia 450000500170000000800410001702000220005804100080008008200150008810000230010324500920012626000380021830000090025650000280026565000470029370000370034090600070037794200070038499900170039195201620040820251120193944.0230125s9999 xx 000 0 und d a978-1-25-902920-2 aeng a158.1bBRI aBrinkman R9214906 aDealing with People You Can't StandbHow to Bring Out the Best in People at Their Worst c2012bTata Mcgraw HillaNew Delhi a283p aPersonality Development aMotivation;Personality Development9215211 aBrinkman R & Kirschner R9214908 b71 cBK c93369d93369 00104070aHIMRbHIMRd2015-03-31ePritam Book Centreg310.00i9415l0o158.1 BRI B13457pHIMR-BK-13457r2023-01-25 00:00:00v239.00w2015-03-14yBKzB13457